000 00765nam a22002057a 4500
999 _c8593
_d8593
003 AR-CdUCM
008 190325b ||||| |||| 00| 0 spa d
040 _aMUNICIPALIDAD PROVINCIAL DEL CUSCO
_cBIBLIOTECA MUNICIPAL DEL CUSCO
082 _a378.985 /
_bB82
245 _aBreve historia de la fundación y transformación de la facultad de filosofia y letras (1866-1918) :
_bedición facsimilar /
260 _aLima :
_bUniversidad Nacional Mayor de San Marcos,
_c1966.
300 _a41 páginas ;
_c21.5 cm.
500 _aDonación familia Nieto.
650 _aHistoria
_9136
650 _aInstituciones de educación superior
_924049
650 _aUNMSM
_924050
710 _aUniversidad Nacional Mayor de San Marcos
_95627
942 _2ddc
_cLIBROS
945 _azta